000 01357nam a22003617a 4500
003 CHAP
005 20220329143530.0
008 100414s2008 mx a r 00010 spa d
010 _a98123
011 _a99095
035 _a109780
040 _cCHAP
090 _aTesis
100 0 0 _aPalacios Torres, Rogelio E.
_984842
245 1 0 _aIdentificación, distribución geografica y aspectos de su biología de trece especies de agromyzidae (Insecta: Diptera) en México
_c/por Rogelio Enrique Palacios Torres
260 _aMontecillo, Méx. :
_bEl autor,
_c2008
300 _a90 h. :
_bilus., cuadros
502 _aTesis (Ph.D. en Fitosanidad Entomología y Acarología) -- CP. Postgrado de Fitosanidad Entomología y Acarología
590 _aALEPH
_b10
_c20130110
_lUCH01
_h1533
590 _aBATCH-UPD
_b10
_c20130110
_lUCH01
_h1408
590 _aBATCH-UPD
_b10
_c20130410
_lUCH01
_h0856
590 _aBATCH-UPD
_b10
_c20130914
_lUCH01
_h1218
590 _aCONVERSION
_b10
_c20130109
_lUCH01
_h1354
650 1 4 _aAgromyzidae.
_92191
650 1 4 _aDípteros.
_933715
650 1 4 _aInsectos
_xDistribución geográfica.
_958912
650 1 4 _aInsectos
_xIdentificación.
_958929
650 1 4 _aInsectos
_zMéxico.
_958951
901 _aBK
911 _aen proceso
942 _cTESIS
949 _aTesis
_bBC
_cTES
_d33724002167504
_eTS1
_gDonaciØn
_h50361
_i109780
_sb
999 _c98123
_d98123